书目信息 |
| 题名: |
中国建筑装饰协会室内建筑师培训教材考试习题
|
|
| 作者: | 王铁 主编 ;中国建筑装饰协会 编 | |
| 分册: | ||
| 出版信息: | 哈尔滨 哈尔滨工程大学出版社 2005.02 |
|
| 页数: | 122页 | |
| 开本: | 26cm | |
| 丛书名: | ||
| 单 册: | ||
| 中图分类: | TU767 | |
| 科图分类: | ||
| 主题词: | 室内设计--shi nei she ji--培训--教材 , 室内装修--shi nei zhuang xiu--培训--教材 | |
| 电子资源: | ||
| ISBN: | 7-81073-659-0 | |
| 000 | 01185nam0 2200265 450 | |
| 001 | 012007737722 | |
| 005 | 20070428150540.68 | |
| 010 | @a7-81073-659-0@dCNY170.00 (共3册) | |
| 100 | @a20070202d2005 km y0chiy0120 ea | |
| 101 | 0 | @achi |
| 102 | @aCN@b230000 | |
| 105 | @aa z 000yy | |
| 200 | 1 | @a中国建筑装饰协会室内建筑师培训教材考试习题@Azhong guo jian zhu zhuang shi xie hui shi nei jian zhu shi pei xun jiao cai kao shi xi ti@e设计资格 岗位能力 考核认证@f中国建筑装饰协会编@Fzhong guo jian zhu zhuang shi xie hui bian |
| 210 | @a哈尔滨@c哈尔滨工程大学出版社@d2005.02 | |
| 215 | @a122页@c图@d26cm | |
| 314 | @a主编取自附加题名页 | |
| 330 | @a本书涵盖了当今建筑装饰设计的基本理论和最新科研成果,反映了我国建筑装饰设计和施工实践经验,代表着国内外建筑装饰科学技术发展的最新趋势和方向。 | |
| 517 | 1 | @a设计资格 岗位能力 考核认证@Ashe ji zi ge gang wei neng li kao he ren zheng |
| 606 | 0 | @a室内设计@Ashi nei she ji@x培训@j教材 |
| 606 | 0 | @a室内装修@Ashi nei zhuang xiu@x培训@j教材 |
| 690 | @aTU767@v4 | |
| 701 | 0 | @a王铁@Awang tie@4主编 |
| 711 | 02 | @a中国建筑装饰协会@Azhong guo jian zhu zhuang shi xie hui@4编 |
| 801 | 0 | @aCN@c20070428 |
| 905 | @a10447@dTU767@eW361:3 | |
| 中国建筑装饰协会室内建筑师培训教材考试习题:设计资格 岗位能力 考核认证/中国建筑装饰协会编.-哈尔滨:哈尔滨工程大学出版社,2005.02 |
| 122页:图;26cm |
| ISBN 7-81073-659-0:CNY170.00 (共3册) |
| 本书涵盖了当今建筑装饰设计的基本理论和最新科研成果,反映了我国建筑装饰设计和施工实践经验,代表着国内外建筑装饰科学技术发展的最新趋势和方向。 |
| ● |
| 相关链接 |
|
|
|
正题名:中国建筑装饰协会室内建筑师培训教材考试习
索取号:TU767/W361:3
 
预约/预借
| 序号 | 登录号 | 条形码 | 馆藏地/架位号 | 状态 | 备注 |
| 1 | 235520 | 202355209 | 建筑库201/201建筑库 46排3列1层/ [索取号:TU767/W361:3] | 在馆 |